00614nam a2200157 a 450000100100000000500170001000800410002704000250006808200180009310000230011124500720013426000860020630000220029250001160031450400260043000002918920200930055402.0110412s1998 dr 000 0 spa d aDO-SdBNPbspacBNPHU axxxx10bN127h1 aNadal Salas, Pablo13aHacia una teoría "A" de la administración /cPablo Nadal Salas. aSanto Domingo :bUniversidad Nacional Pedro Henríquez Ureña (UNPHU),c[1998]. a[18 p.] ;c22 cm. aConferencia dictada en la Universidad Nacional Pedro Henríquez Ureña (UNPHU) el día 23 de febrero de 1995 aBibliografía : p.18